[Event "Rottach Egern Seniors Cup 10th"]
[Site "Rottach Egern"]
[Date "2022.03.28"]
[Round "3"]
[White "Wraga, Teresa"]
[Black "Kuempers, Ulrich"]
[Result "0-1"]
[WhiteElo "1553"]
[BlackElo "2098"]
[PlyCount "84"]
[EventDate "2022.03.26"]
[EventType "swiss"]
[EventRounds "9"]
[EventCountry "GER"]
[SourceTitle "CBM 207 Extra"]
[Source "ChessBase"]
[SourceDate "2022.05.31"]
[SourceVersion "1"]
[SourceVersionDate "2022.05.31"]
[SourceQuality "1"]

1. e4 c6 2. d3 d5 3. Nd2 e5 4. g3 Nf6 5. Bg2 Bg4 6. Ngf3 dxe4 7. dxe4 Bc5 8. h3 Bxf3 9. Qxf3 0-0 10. 0-0 Nbd7 11. Nb3 Bb6 12. Be3 Qe7 13. Bxb6 axb6 14. Qc3 Ra4 15. f3 b5 16. a3 Nb6 17. Nd2 Rd8 18. Qe3 Qc7 19. c3 Raa8 20. Rad1 Na4 21. Rb1 Rd7 22. Rfd1 Rad8 23. Bf1 Rd6 24. Be2 Qd7 25. Nb3 Qxh3 26. Qf2 Rxd1+ 27. Rxd1 Rxd1+ 28. Bxd1 h5 29. Be2 Qd7 30. Nc5 Qd2 31. Nxa4 bxa4 32. Bf1 Qxf2+ 33. Kxf2 Kf8 34. Bh3 Ke7 35. Bc8 b5 36. Ba6 Ne8 37. Bb7 Kd7 38. c4 Nd6 39. Ba6 Nxc4 40. Ke2 Kc7 41. b3 axb3 42. a4 b2 0-1

[Event "RLP Seniors op 17th"]
[Site "Neustadt an der Weinstrasse"]
[Date "2019.07.24"]
[Round "5"]
[White "Walther, Renate"]
[Black "Wraga, Teresa"]
[Result "1/2-1/2"]
[WhiteElo "1113"]
[BlackElo "1698"]
[PlyCount "80"]
[EventDate "2019.07.20"]
[EventType "swiss"]
[EventRounds "9"]
[EventCountry "GER"]
[SourceTitle "CBM 192 Extra"]
[Source "Chessbase"]
[SourceDate "2019.11.06"]
[SourceVersion "1"]
[SourceVersionDate "2019.11.06"]
[SourceQuality "1"]

1. e4 d6 2. d4 Nf6 3. Nc3 g6 4. Be2 c6 5. a3 b5 6. Be3 a6 7. Qd2 Qc7 8. Bh6 Bxh6 9. Qxh6 Nbd7 10. Qd2 Bb7 11. Bf3 Nb6 12. b3 0-0-0 13. Nge2 e5 14. 0-0 Kb8 15. Rad1 c5 16. d5 Qe7 17. h3 h5 18. Kh2 Nh7 19. Ng1 Qg5 20. Qxg5 Nxg5 21. a4 b4 22. a5 Nd7 23. Na4 Nxf3+ 24. Nxf3 f6 25. Rb1 g5 26. g3 Rhg8 27. Rg1 Rdf8 28. Nd2 f5 29. f3 fxe4 30. fxe4 Rf6 31. Nc4 Kc7 32. Nab6 Nxb6 33. axb6+ Kb8 34. Nd2 a5 35. Nc4 Ba6 36. Nxa5 Rgf8 37. Nc4 Bxc4 38. bxc4 Kb7 39. Rbc1 Kxb6 40. Rg2 Rf2 1/2-1/2

[Event "Bad Wiessee Senioren Cup 8th"]
[Site "Bad Wiessee"]
[Date "2019.05.17"]
[Round "7"]
[White "Mehlhorn, Dieter"]
[Black "Wraga, Teresa"]
[Result "1/2-1/2"]
[WhiteElo "1834"]
[BlackElo "1644"]
[PlyCount "140"]
[EventDate "2019.05.11"]
[EventType "swiss"]
[EventRounds "9"]
[EventCountry "GER"]
[SourceTitle "EXT 2020"]
[Source "ChessBase"]
[SourceDate "2019.10.17"]
[SourceVersion "1"]
[SourceVersionDate "2019.10.17"]
[SourceQuality "1"]

1. d4 d6 2. Nf3 g6 3. c3 Bg7 4. Nbd2 Nf6 5. e3 0-0 6. Bd3 Nbd7 7. e4 e5 8. d5 Nc5 9. Bc2 b6 10. b4 Ncd7 11. 0-0 Bb7 12. Re1 b5 13. Nb3 Bc8 14. Bd3 a6 15. a4 bxa4 16. Rxa4 Nb6 17. Ra1 Bd7 18. Qe2 Qb8 19. Na5 Qe8 20. c4 c6 21. c5 Nc8 22. Bg5 cxd5 23. Nb7 dxc5 24. Nxc5 Nd6 25. Bxf6 Bxf6 26. Nxa6 Rc8 27. Rac1 dxe4 28. Bxe4 Nxe4 29. Qxe4 Bc6 30. Qe3 Qe7 31. Nc5 Rfd8 32. Rcd1 Rxd1 33. Rxd1 Rd8 34. Re1 Qd6 35. Ne4 Bxe4 36. Qxe4 Qd5 37. h3 Qb5 38. Rc1 Qd5 39. Qxd5 Rxd5 40. Rb1 Rb5 41. Ne1 Be7 42. Nc2 f6 43. Kf1 Kf7 44. Ke2 Ke6 45. Kd3 Kd5 46. Ne3+ Kc6 47. Kc4 f5 48. Nc2 Rb8 49. Ra1 Rb7 50. Ra5 Bf6 51. b5+ Kc7 52. Nb4 Kd7 53. Ra6 Bg5 54. Nd5 e4 55. b6 Kc6 56. Nb4+ Kd7 57. Ra7 Kc8 58. Kb5 e3 59. fxe3 Bxe3 60. Nd5 Rxa7 61. bxa7 Bxa7 62. Kc6 Kd8 63. Kd6 Bd4 64. Ke6 Ke8 65. Nf4 Kf8 66. Nd5 Kg7 67. Nc7 h6 68. Ne8+ Kf8 69. Nf6 Kg7 70. Nd5 Bb2 1/2-1/2

[Event "Rheinland Pfalz op Seniors 16th"]
[Site "Neustadt an der Weinstrasse"]
[Date "2018.07.15"]
[Round "9"]
[White "Wenzel, Ralph"]
[Black "Wraga, Teresa"]
[Result "1/2-1/2"]
[WhiteElo "1694"]
[BlackElo "1588"]
[PlyCount "40"]
[EventDate "2018.07.07"]
[EventType "swiss"]
[EventRounds "9"]
[EventCountry "GER"]
[SourceTitle "EXT 2019"]
[Source "ChessBase"]
[SourceDate "2018.10.10"]
[SourceVersion "1"]
[SourceVersionDate "2018.10.10"]
[SourceQuality "1"]

1. e4 d6 2. d4 Nf6 3. Nc3 g6 4. h3 c6 5. Be3 b5 6. Bd3 a6 7. Qd2 Nbd7 8. f4 Bg7 9. Qf2 0-0 10. Nf3 Qc7 11. 0-0-0 b4 12. Na4 Nb6 13. Nxb6 Qxb6 14. Kb1 a5 15. g4 Ba6 16. g5 Bxd3 17. cxd3 Nd7 18. Rc1 Rfc8 19. Rhd1 Qb5 20. e5 Nb6 1/2-1/2

[Event "Rheinland Pfalz op Seniors 16th"]
[Site "Neustadt an der Weinstrasse"]
[Date "2018.07.09"]
[Round "3"]
[White "Wraga, Teresa"]
[Black "Walther, Renate"]
[Result "1-0"]
[WhiteElo "1588"]
[BlackElo "1123"]
[PlyCount "65"]
[EventDate "2018.07.07"]
[EventType "swiss"]
[EventRounds "9"]
[EventCountry "GER"]
[SourceTitle "EXT 2019"]
[Source "ChessBase"]
[SourceDate "2018.10.10"]
[SourceVersion "1"]
[SourceVersionDate "2018.10.10"]
[SourceQuality "1"]

1. e4 e5 2. Nc3 Bc5 3. g3 Nf6 4. Bg2 0-0 5. Nge2 c6 6. 0-0 d5 7. d3 Bg4 8. h3 Be6 9. d4 dxe4 10. dxc5 Qxd1 11. Rxd1 Na6 12. Be3 Bc4 13. b3 Bxe2 14. Nxe2 Nc7 15. c4 Rab8 16. Nc3 b6 17. cxb6 axb6 18. Nxe4 Nh5 19. Nc3 c5 20. Nd5 Nxd5 21. Bxd5 Nf6 22. Rd3 h6 23. f3 Rfd8 24. Rad1 Nxd5 25. Rxd5 Rxd5 26. Rxd5 Re8 27. Kf2 f6 28. Rd6 Ra8 29. a4 Rb8 30. f4 exf4 31. Bxf4 Kh7 32. Rxf6 gxf6 33. Bxb8 1-0

[Event "MVP-ch Seniors op 17th"]
[Site "Binz"]
[Date "2017.11.30"]
[Round "2.60"]
[White "Giering, Gregor"]
[Black "Wraga, Teresa"]
[Result "1/2-1/2"]
[WhiteElo "1862"]
[BlackElo "1659"]
[PlyCount "60"]
[EventDate "2017.11.29"]
[EventType "swiss"]
[EventRounds "9"]
[EventCountry "GER"]
[SourceTitle "EXT 2019"]
[Source "ChessBase"]
[SourceDate "2018.10.10"]
[SourceVersion "1"]
[SourceVersionDate "2018.10.10"]
[SourceQuality "1"]

1. b3 Nf6 2. Bb2 g6 3. e4 d6 4. Nf3 Bg7 5. Be2 0-0 6. d3 c5 7. Nbd2 Nc6 8. 0-0 Qc7 9. Nc4 b5 10. Ne3 e6 11. Rb1 a6 12. Ng5 h6 13. Nh3 Nd4 14. f4 Nxe2+ 15. Qxe2 d5 16. e5 Nd7 17. Qg4 d4 18. Nd1 Nb6 19. c4 bxc4 20. dxc4 a5 21. Ndf2 Bb7 22. Qe2 Qc6 23. Nd3 a4 24. Ba3 axb3 25. Rxb3 Nxc4 26. Nxc5 Rxa3 27. Nxb7 Rxb3 28. axb3 Ne3 29. Qf3 Qxf3 30. Rxf3 Rb8 1/2-1/2

[Event "GER-chB Seniors 29th"]
[Site "Berlin"]
[Date "2017.08.08"]
[Round "1"]
[White "Eidam, Horst"]
[Black "Wraga, Teresa"]
[Result "1-0"]
[WhiteElo "1884"]
[BlackElo "1712"]
[PlyCount "45"]
[EventDate "2017.08.07"]
[EventType "swiss"]
[EventRounds "9"]
[EventCountry "GER"]
[SourceTitle "EXT 2019"]
[Source "ChessBase"]
[SourceDate "2018.10.10"]
[SourceVersion "1"]
[SourceVersionDate "2018.10.10"]
[SourceQuality "1"]

1. e4 d6 2. d4 Nf6 3. Nc3 g6 4. Bg5 Bg7 5. Qd2 0-0 6. Bh6 Nbd7 7. h4 c5 8. Nf3 b6 9. h5 Bb7 10. hxg6 fxg6 11. Bc4+ d5 12. exd5 cxd4 13. Nxd4 Ne5 14. Bb3 Bxd5 15. Nxd5 Nxd5 16. Bxg7 Qd6 17. Bxf8 Rxf8 18. Ne6 Nf3+ 19. gxf3 Qe5+ 20. Kf1 Qxb2 21. Nxf8 Qxa1+ 22. Kg2 Qf6 23. Nd7 1-0

[Event "Sachsen-ch Seniors op"]
[Site "Dresden"]
[Date "2016.11.03"]
[Round "4"]
[White "Thalheim, Peter"]
[Black "Wraga, Teresa"]
[Result "1-0"]
[WhiteElo "1817"]
[BlackElo "1634"]
[PlyCount "99"]
[EventDate "2016.10.31"]
[EventType "swiss"]
[EventRounds "9"]
[EventCountry "GER"]
[SourceTitle "EXT 2019"]
[Source "ChessBase"]
[SourceDate "2018.10.10"]
[SourceVersion "1"]
[SourceVersionDate "2018.10.10"]
[SourceQuality "1"]

1. c4 e5 2. Nc3 Nc6 3. g3 g6 4. Bg2 Bg7 5. e3 d6 6. Nge2 f5 7. d4 Nf6 8. Bxc6+ bxc6 9. dxe5 dxe5 10. Qxd8+ Kxd8 11. b3 Bb7 12. Ba3 Ke8 13. Rd1 Kf7 14. Bc5 Bf8 15. Na4 Bxc5 16. Nxc5 Bc8 17. Nc3 Be6 18. f3 Rhd8 19. Ke2 Nd7 20. N3a4 Nb6 21. Rxd8 Rxd8 22. Rd1 Rxd1 23. Kxd1 Nxa4 24. Nxa4 Ke7 25. c5 Bd5 26. Ke2 a5 27. Nc3 Be6 28. f4 exf4 29. gxf4 Bd5 30. Kd3 Be6 31. h4 h5 32. Kc2 Bd5 33. Kb2 Be4 34. Ka3 Bd3 35. Ka4 Kd7 36. Kxa5 Kc8 37. a4 Kb7 38. b4 Bf1 39. b5 Bg2 40. Ne2 cxb5 41. axb5 c6 42. b6 Be4 43. Kb4 Bd5 44. Kc3 Bf3 45. Nc1 Bg2 46. Nd3 Bd5 47. Ne5 Be6 48. Nxg6 Kb8 49. Ne7 Kb7 50. Kd4 1-0

[Event "GER-chB Seniors 28th"]
[Site "Niederhausen"]
[Date "2016.08.20"]
[Round "8"]
[White "Strozewski, Guenter"]
[Black "Wraga, Teresa"]
[Result "1-0"]
[WhiteElo "1766"]
[BlackElo "1639"]
[PlyCount "55"]
[EventDate "2016.08.13"]
[EventType "swiss"]
[EventRounds "9"]
[EventCountry "GER"]
[SourceTitle "EXT 2019"]
[Source "ChessBase"]
[SourceDate "2018.10.10"]
[SourceVersion "1"]
[SourceVersionDate "2018.10.10"]
[SourceQuality "1"]

1. c4 e5 2. Nc3 Nc6 3. e4 d6 4. b3 g6 5. Be2 Bg7 6. Nf3 Nf6 7. d3 0-0 8. h3 h6 9. Be3 Nd7 10. Qd2 Kh7 11. h4 Nd4 12. Ng5+ hxg5 13. hxg5+ Kg8 14. Nd5 c6 15. Nf6+ Nxf6 16. gxf6 Bxf6 17. Bxd4 Bg5 18. Be3 f6 19. 0-0-0 Kg7 20. g3 Rh8 21. f4 exf4 22. gxf4 Rxh1 23. Rxh1 Bh6 24. Bf3 Qe7 25. Qh2 g5 26. f5 Qe5 27. Qxh6+ Kf7 28. Qg6+ 1-0

[Event "Hessen-ch Seniors op 12th"]
[Site "Bad Sooden-Allendorf"]
[Date "2016.05.08"]
[Round "8"]
[White "Stratmann, Alois"]
[Black "Wraga, Teresa"]
[Result "1/2-1/2"]
[WhiteElo "1594"]
[BlackElo "1664"]
[PlyCount "42"]
[EventDate "2016.04.30"]
[EventType "swiss"]
[EventRounds "9"]
[EventCountry "GER"]
[SourceTitle "EXT 2019"]
[Source "ChessBase"]
[SourceDate "2018.10.10"]
[SourceVersion "1"]
[SourceVersionDate "2018.10.10"]
[SourceQuality "1"]

1. c4 e5 2. Nc3 Nc6 3. g3 g6 4. Bg2 Bg7 5. d3 d6 6. Nf3 f5 7. e3 Nf6 8. Ne2 0-0 9. 0-0 Rb8 10. Rb1 Qe8 11. b4 h6 12. a3 g5 13. h3 Ne7 14. Nh2 Ng6 15. Nc3 Bd7 16. Nd5 Nxd5 17. Bxd5+ Kh7 18. Qh5 Bc6 19. Qf3 e4 20. Bxc6 Qxc6 21. Qd1 exd3 1/2-1/2